00340pab a2200121 454500008004000000100002200040245009000062260000900152300001500161362001100176650001100187773002000198180718b2011 xxu||||| |||| 00| 0 eng d aSrivastava, Gouri aGendering the budget making processes for translating equity and equality in practice c2011 ap.1-3, 14. a23 May aBudget aUniversity News